[Event "ACT Open"]
[Site "Amsterdam NED"]
[Date "2004.07.17"]
[Round "1"]
[White "Bosboom,M"]
[Black "Bensdorp,M"]
[Result "1-0"]
[WhiteElo "2425"]
[BlackElo "2238"]

1.d4 d5 2.c4 c6 3.Nf3 Nf6 4.Nc3 dxc4 5.a4 Bf5 6.Ne5 e6 7.f3 h6 8.e4 Bh7 9.Bxc4 Nbd7
10.Nxf7 Kxf7 11.O-O Nb6 12.Ba2 Bg8 13.a5 Nc8 14.f4 Ke8 15.Be3 Qd7 16.Qe2 Bb4
17.a6 b6 18.e5 Bxc3 19.exf6 Bb4 20.f5 gxf6 21.fxe6 Qd6 22.Rxf6 b5 23.Raf1 Nb6
24.Qh5+ Kd8 25.Bg5 Qxd4+ 26.Kh1 Kc7 27.Bf4+ Bd6 28.Rf7+ Bxf7 29.Qxf7+ Kd8
30.Qb7 Bxf4 31.e7+ Ke8 32.Qxc6+ Qd7 33.Qg6+ Kxe7 34.Qg7+ Kd8 35.Qxh8+ Kc7
36.Qc3+ Qc6 37.Rxf4 Qxc3 38.bxc3 Rd8 39.h4 Rd1+ 40.Kh2 Rd2 41.Bg8 Nd7 42.Rf7 Kb6
43.Rh7 Rd6 44.g4 Nf6 45.Rg7 Ne4 46.Bh7 Nxc3 47.Kg3 Kxa6 48.Kf4 b4 49.Rg6 Rxg6
50.Bxg6 Kb6 51.g5 Nd5+ 52.Kg4 Ne7 53.Bf7 hxg5 54.Kxg5 a5 55.h5 a4 56.h6 b3
57.h7  1-0

[Event "111th ch-SCO"]
[Site "Hamilton SCO"]
[Date "2004.07.18"]
[Round "9"]
[White "Ruxton,K"]
[Black "Kafka,G"]
[Result "1-0"]
[WhiteElo "2258"]
[BlackElo "2143"]

1.Nf3 d5 2.d4 Nf6 3.c4 c6 4.Nc3 dxc4 5.a4 Bf5 6.Nh4 Bc8 7.Nf3 Bf5 8.Nh4 Bc8
9.e3 Bg4 10.f3 Bh5 11.g4 Bg6 12.Bxc4 e6 13.Nxg6 hxg6 14.Qb3 Qc7 15.Bd2 Nbd7
16.e4 O-O-O 17.a5 Rh3 18.a6 b6 19.Be2 Qd6 20.Qc2 Qxd4 21.g5 Rxh2 22.Rxh2 Qg1+
23.Bf1 Qxh2 24.O-O-O Ne8 25.f4 Qf2 26.Na4 Kb8 27.Kb1 Nc5 28.b4 Nb3 29.Bd3 Nxd2+
30.Rxd2 Qd4 31.Qxc6 Qd7 32.Bb5 Qxc6 33.Rxd8+ Kc7 34.Bxc6 Kxd8 35.Bxe8 Kxe8
36.b5 Kd8 37.Nxb6 Kc7 38.Nc4 Bc5 39.Kc2 f6 40.Kd3 fxg5 41.fxg5 Bf2 42.Ne5 Bh4
43.Nf3 Bf2 44.Kc4 Be3 45.Kd3 Bf2 46.Ne5 Bh4 47.Nf7 Bg3 48.Kd4 Bf4 49.e5 Kb6
50.Kc4 Kc7 51.Kd4 Kb6 52.Nd8 Bxg5 53.Nxe6 Bc1 54.Kc4 g5 55.Nxg7 g4 56.Nf5 Bg5
57.e6 Ka5 58.Kc5 Bf6 59.e7 Bxe7+ 60.Nxe7 g3 61.Nc6+ Ka4 62.Ne5  1-0

[Event "ACT Open"]
[Site "Amsterdam NED"]
[Date "2004.07.22"]
[Round "6"]
[White "Witt,Rob"]
[Black "Ahlers,B"]
[Result "1/2-1/2"]
[WhiteElo "2287"]
[BlackElo "2226"]

1.d4 d5 2.c4 c6 3.Nf3 Nf6 4.Nc3 dxc4 5.a4 Bf5 6.Nh4 e6 7.Nxf5 exf5 8.e3 Bd6
9.Bxc4 O-O 10.Qc2 g6 11.f3 Qc7 12.g3 Nbd7 13.O-O Nb6 14.Bb3 Nbd5 15.Qf2 Qb6
16.Bc4 Qb4 17.Qe2 Rfe8 18.Bd2 Qxb2 19.Nxd5 cxd5 20.Rfb1 Qc2 21.Rc1 Qb2 22.Rab1 Qa3
23.Ra1  1/2-1/2

[Event "Skanska Open"]
[Site "Pardubice CZE"]
[Date "2004.07.23"]
[Round "1"]
[White "Haba,P"]
[Black "Pokorny,P"]
[Result "1-0"]
[WhiteElo "2531"]
[BlackElo "2292"]

1.d4 d5 2.c4 c6 3.Nf3 Nf6 4.Nc3 dxc4 5.a4 Bf5 6.Ne5 Nbd7 7.Nxc4 Qc7 8.g3 e5
9.dxe5 Nxe5 10.Bf4 Nfd7 11.Bg2 g5 12.Ne3 gxf4 13.Nxf5 O-O-O 14.Qc2 Nc5 15.O-O Ne6
16.Qe4 fxg3 17.hxg3 Rg8 18.Rfd1 Rxd1+ 19.Rxd1 Rg4 20.f4 Nd7 21.Qf3 Rg6 22.Ne4 Ng7
23.Nxg7 Rxg7 24.Bh3 f5 25.Bxf5 Qb6+ 26.Kf1 Kc7 27.Qd3  1-0

[Event "17th Open"]
[Site "Kiel GER"]
[Date "2004.07.25"]
[Round "3"]
[White "Epishin,V"]
[Black "Madsen,D"]
[Result "1-0"]
[WhiteElo "2635"]
[BlackElo "2286"]

1.d4 d5 2.c4 c6 3.Nf3 Nf6 4.Nc3 dxc4 5.a4 Bf5 6.Nh4 Bd7 7.e4 e6 8.g3 c5 9.d5 exd5
10.exd5 Bd6 11.Qe2+ Qe7 12.Qxe7+ Kxe7 13.Bxc4 a6 14.O-O h6 15.Re1+ Kf8 16.Ng2 g5
17.b3 Bh3 18.Bb2 Nbd7 19.Ne4 Nxe4 20.Rxe4 f6 21.f4 Re8 22.Re6 Bxe6 23.dxe6 Nb6
24.Bxf6 Rh7 25.f5 Nxc4 26.bxc4 b5 27.Ne3 Rb7 28.axb5 axb5 29.cxb5 c4 30.Nxc4 Bc5+
31.Kg2 Rxb5 32.Ne5 Kg8 33.Nd7 Bb6 34.Be5 g4 35.Nf6+ Kh8 36.Nxg4+  1-0

[Event "Open"]
[Site "Balatonlelle HUN"]
[Date "2004.07.26"]
[Round "8"]
[White "Kincs,I"]
[Black "Feher,T"]
[Result "1-0"]
[WhiteElo "2251"]
[BlackElo "2187"]

1.d4 d5 2.Nf3 Nf6 3.c4 c6 4.Nc3 dxc4 5.a4 Bf5 6.Ne5 Nbd7 7.Nxc4 Qc7 8.f3 e5
9.dxe5 Nxe5 10.e4 Be6 11.Ne3 Bb4 12.Be2 O-O 13.O-O Rad8 14.Qc2 a5 15.f4 Neg4
16.Bxg4 Nxg4 17.Nxg4 Bxg4 18.f5 Qb6+ 19.Kh1 f6 20.Bf4 Bd6 21.Rae1 Qd4 22.Bxd6 Rxd6
23.e5 Qd2 24.Qb3+ Rd5 25.Nxd5 cxd5 26.e6 Bxf5 27.e7 Re8 28.Rd1 Bc2 29.Qb5  1-0

[Event "MTO"]
[Site "Biel SUI"]
[Date "2004.07.26"]
[Round "7"]
[White "Rashkovsky,N"]
[Black "Rukavina,J"]
[Result "1/2-1/2"]
[WhiteElo "2511"]
[BlackElo "2428"]

1.d4 d5 2.c4 c6 3.Nf3 Nf6 4.Nc3 dxc4 5.a4 Bf5 6.e3 e6 7.Bxc4 Bb4 8.O-O Nbd7
9.Qe2 Bg4 10.e4 O-O 11.Rd1 Rc8 12.h3 Bxf3 13.Qxf3 e5 14.Ne2 exd4 15.Nxd4 Ne5
16.Qe2 Nxc4 17.Qxc4 a5 18.Bg5 Qe7 19.Nf5 Qxe4 20.Qxe4 Nxe4 21.Ne7+ Bxe7 22.Bxe7 Rfe8
23.Rd7 Rb8 24.Rad1 Nf6 25.Bxf6 gxf6 26.Rc7 Rec8 27.Re7 Re8 28.Rc7 Rec8 29.Re7 Re8  1/2-1/2

[Event "2nd Asean GM"]
[Site "Bangkok THA"]
[Date "2004.07.28"]
[Round "10"]
[White "Dao Thien Hai"]
[Black "Nay Oo Kyaw Tun"]
[Result "1-0"]
[WhiteElo "2583"]
[BlackElo "2504"]

1.d4 d5 2.c4 c6 3.Nf3 Nf6 4.Nc3 dxc4 5.a4 Bf5 6.Nh4 e6 7.Nxf5 exf5 8.e3 Bd6
9.Bxc4 O-O 10.h3 Nbd7 11.O-O Nb6 12.Bd3 g6 13.a5 Nbd5 14.Qb3 a6 15.Bd2 Bc7
16.Na4 Qd6 17.f4 Nd7 18.Bc4 Rab8 19.Rac1 Rfc8 20.Rc2 Bd8 21.Rfc1 N7f6 22.Nc5 Qe7
23.Qd3 Bc7 24.Qb3 Bd6 25.Nd3 Kg7 26.Ne5 Qe6 27.Be1 Re8 28.Bh4 Ne4 29.Bxd5 Qxd5
30.Qxd5 cxd5 31.Nd7 Rbd8 32.Bxd8 Rxd8 33.Nc5  1-0

[Event "MTO"]
[Site "Biel SUI"]
[Date "2004.07.30"]
[Round "11"]
[White "Riazantsev,A"]
[Black "Avrukh,B"]
[Result "1/2-1/2"]
[WhiteElo "2573"]
[BlackElo "2600"]

1.d4 d5 2.c4 c6 3.Nf3 Nf6 4.Nc3 dxc4 5.a4 Bf5 6.Ne5 Nbd7 7.Nxc4 Qc7 8.g3 e5
9.dxe5 Nxe5 10.Bf4 Nfd7 11.Bg2 g5 12.Ne3 gxf4 13.Nxf5 O-O-O 14.Qc2 Ng6 15.O-O fxg3
16.hxg3 a5 17.Rfd1 Kb8 18.Rac1 Bc5 19.e3 h5  1/2-1/2

[Event "It"]
[Site "Charleroi BEL"]
[Date "2004.07.31"]
[Round "2"]
[White "Marechal,A"]
[Black "Hautot,S"]
[Result "1/2-1/2"]
[WhiteElo "2236"]
[BlackElo "2336"]

1.d4 d5 2.c4 c6 3.Nf3 Nf6 4.Nc3 dxc4 5.a4 Bf5 6.e3 e6 7.Bxc4 Bb4 8.O-O Nbd7
9.Qe2 Bg6 10.e4 Bxc3 11.bxc3 Nxe4 12.Ba3 Nxc3 13.Qb2 Nxa4 14.Qxb7 Nab6 15.Ne5 Be4
16.Rfd1 Qc8 17.Ba6 Qxb7 18.Bxb7 Rb8 19.Bxc6 Bxc6 20.Nxc6 Rb7 21.Rdc1 f6 22.Bd6 a5
23.Nxa5  1/2-1/2

[Event "Skanska Open"]
[Site "Pardubice CZE"]
[Date "2004.07.31"]
[Round "9"]
[White "Ftacnik,L"]
[Black "Sundararajan,K"]
[Result "1/2-1/2"]
[WhiteElo "2549"]
[BlackElo "2452"]

1.d4 Nf6 2.Nf3 d5 3.c4 c6 4.Nc3 dxc4 5.a4 Bf5 6.Ne5 Nbd7 7.Nxc4 Qc7 8.g3 e5
9.dxe5 Nxe5 10.Bf4 Nfd7 11.Bg2 g5 12.Ne3 gxf4 13.Nxf5 O-O-O 14.Qc2 Nc5 15.O-O Ne6
16.Qe4 fxg3 17.hxg3 Rg8 18.Rad1 Rxd1 19.Rxd1 Bc5 20.Qh4 Ng6 21.Qf6 Qe5 22.Qxf7 Rf8
23.Qd7+ Kb8 24.e4 Ne7 25.Qd3 Nxf5 26.exf5 Rxf5 27.Ne4 Qxb2 28.Rd2 Qa1+ 29.Rd1 Qb2
30.Rd2 Qa1+ 31.Rd1  1/2-1/2

[Event "It"]
[Site "Charleroi BEL"]
[Date "2004.08.03"]
[Round "5"]
[White "Laurent,B"]
[Black "Cappon,J"]
[Result "1/2-1/2"]
[WhiteElo "2344"]
[BlackElo "2198"]

1.d4 d5 2.c4 c6 3.Nc3 Nf6 4.Nf3 dxc4 5.a4 Bf5 6.e3 e6 7.Bxc4 Bb4 8.O-O O-O
9.Qe2 Bg6 10.Ne5 Nbd7 11.Nxg6 hxg6 12.Rd1 Qa5 13.e4 e5 14.d5 Nb6 15.dxc6 bxc6
16.Na2 Nxc4 17.Qxc4 Rfd8 18.Bg5 c5 19.b3 Bd2 20.Bxd2 Rxd2 21.Qc3 Qxc3 22.Nxc3 Rxd1+
23.Rxd1 Rb8 24.Rb1 Rb4 25.f3 c4 26.bxc4 Rxc4 27.Rb8+ Kh7 28.Nb5 g5 29.Nd6 Rc7
30.Ra8 g4 31.Rc8 Rd7 32.Nc4 gxf3 33.gxf3 Rd1+ 34.Kf2 Rc1 35.Nd6 Rxc8 36.Nxc8 a5
37.Nb6 Kg8 38.Ke3 Kf8 39.Kd3 Ke7 40.Kc3 Nd7 41.Nc8+ Kd8 42.Nd6 Nc5 43.Nxf7+ Ke7
44.Nxe5 Nxa4+ 45.Kd4 Kf6 46.Nc4 Kg5 47.Nxa5 Nb6 48.Nc4 Nd7 49.e5 Kf4 50.e6 Nf6
51.Ne5 Kf5 52.Nd7 Ne8 53.Nf8 Kf4 54.Kd5 Nc7+ 55.Kd6 Nxe6 56.Kxe6 g5 57.Kf6 g4
58.Ng6+ Kxf3 59.Ne5+ Kf4 60.Nc4 g3 61.hxg3+ Kxg3  1/2-1/2

[Event "9th Open"]
[Site "Creon FRA"]
[Date "2004.08.05"]
[Round "6"]
[White "Malakhatko,V"]
[Black "Mihajlovskij,S"]
[Result "0-1"]
[WhiteElo "2555"]
[BlackElo "2380"]

1.d4 d5 2.c4 dxc4 3.Nf3 Nf6 4.Nc3 c6 5.a4 Bf5 6.Ne5 Nbd7 7.Nxc4 Nd5 8.Nxd5 cxd5
9.Ne3 Be6 10.g3 Nf6 11.Bg2 Qd7 12.Qb3 h5 13.O-O h4 14.Rd1 g6 15.Rd3 hxg3
16.hxg3 Ne4 17.Bd2 Bh6 18.Be1 Rc8 19.Qb5 Rc6 20.Rb3 Nd6 21.Qb4 Bxe3 22.Rxe3 Rb6
23.Qc5 Nc4 24.Rc3 Rxb2 25.Rxc4 dxc4 26.d5 Rh5 27.dxe6 Rxc5 28.exd7+ Kxd7
29.Bc3 Rb3 30.Rc1 b6 31.e3 e5 32.Bf3 a5 33.e4 b5 34.Bd1 bxa4 35.Bxb3 cxb3
36.Rd1+ Kc6 37.Bb2 Rc2 38.Ba3 Ra2  0-1

[Event "9th Open"]
[Site "Creon FRA"]
[Date "2004.08.05"]
[Round "6"]
[White "Tihonov,J"]
[Black "Prevot,J"]
[Result "1-0"]
[WhiteElo "2447"]
[BlackElo "2079"]

1.d4 d5 2.c4 c6 3.Nf3 Nf6 4.Nc3 dxc4 5.a4 Bf5 6.e3 Na6 7.Bxc4 Nb4 8.O-O e6
9.Qe2 Ne4 10.Nd2 Nd6 11.e4 Nxc4 12.Nxc4 Bg6 13.Be3 Be7 14.Rad1 O-O 15.Ne5 Bd6
16.f4 f5 17.d5 exd5 18.exd5 cxd5 19.Nxd5 Nxd5 20.Rxd5 Qe7 21.Qd3 Rfd8 22.Rd1 Bc7
23.Bxa7 Rxd5 24.Qxd5+ Bf7 25.Nxf7 Qxf7 26.Qxf7+ Kxf7 27.Rd7+ Ke6 28.Rxc7 Rxa7
29.b3 Kd6 30.Rxg7 Kc5 31.Rxh7 Kb4 32.Rh3 Ra5 33.Re3 Rc5 34.Kf2 Rc2+ 35.Kf3 Rc1
36.g3 Rc2 37.g4 fxg4+ 38.Kxg4 Rxh2 39.f5 Kc5 40.f6 Kd6 41.Rf3 Rg2+ 42.Kh5 Rg8
43.f7 Rf8 44.Kg6  1-0

[Event "HZ Open"]
[Site "Vlissingen NED"]
[Date "2004.08.07"]
[Round "1"]
[White "Bosboom Lanchava,T"]
[Black "Zegstroo,M"]
[Result "1-0"]
[WhiteElo "2370"]
[BlackElo "1836"]

1.d4 d5 2.c4 c6 3.Nf3 Nf6 4.Nc3 dxc4 5.a4 Bf5 6.Ne5 e6 7.f3 Bb4 8.g3 O-O
9.Bg2 h6 10.e4 Bh7 11.Nxc4 Nbd7 12.O-O Re8 13.Bf4 Nb6 14.Ne5 a5 15.Ne2 Nfd7
16.Nd3 Bf8 17.Rc1 Rc8 18.Nc5 Nxc5 19.dxc5 Nd7 20.Be3 Qc7 21.f4 Red8 22.Qb3 Nf6
23.Qc4 Rd7 24.h3 Rcd8 25.g4 Rd3 26.Bd4 Rd2 27.Be5 Qd7 28.Bf3 Qd3 29.Qxd3 R2xd3
30.Bxf6 gxf6 31.f5 Rd2 32.Nf4 Rxb2 33.Rfd1 Rxd1+ 34.Bxd1 Rb4 35.Nh5 Be7 36.Ng3 Rd4
37.Kf2 Bxc5 38.Rxc5 Rxd1 39.Rxa5 Kf8 40.Ra8+ Ke7 41.Rh8 Ra1 42.Rxh7 Rxa4
43.Rxh6 b5 44.Rh8 Ra7 45.Rb8 Kd7 46.Ne2 Kc7 47.Rf8 Kd6 48.h4 Rb7 49.h5  1-0

[Event "HZ Open"]
[Site "Vlissingen NED"]
[Date "2004.08.08"]
[Round "3"]
[White "Pedersen,NV"]
[Black "Van Hecke,E"]
[Result "1-0"]
[WhiteElo "2471"]
[BlackElo "2189"]

1.d4 d5 2.c4 c6 3.Nc3 Nf6 4.Nf3 dxc4 5.a4 Bf5 6.e3 e6 7.Bxc4 Bb4 8.O-O Nbd7
9.Qe2 Bg4 10.Rd1 Qa5 11.Bd2 Qh5 12.h3 Bxf3 13.Qxf3 Qxf3 14.gxf3 O-O 15.f4 Rfd8
16.a5 a6 17.Be2 h6 18.Bf3 Rac8 19.Ra4 Be7 20.Rc4 Nf8 21.Ne2 Ng6 22.Ng3 Nh4
23.Be2 Nf5 24.Be1 Rd7 25.Rdc1 g6 26.Nf1 Rcd8 27.Nh2 Nh4 28.Ng4 Nxg4 29.hxg4 f5
30.R1c3 g5 31.fxg5 hxg5 32.Rb3 Kf7 33.Bb4 Bf6 34.gxf5 exf5 35.Bc3 Be7 36.Bb4 Bf6
37.Bc3 Be7 38.Kf1 Kg6 39.Bb4 Bf6 40.Bc3 Be7 41.Rb6 Kf7 42.Ra4 Ng6 43.Bc4+ Kf8
44.Be6 Rc7 45.Bxf5 Nh4 46.Bg4 Kf7 47.Ke2 Ng6 48.Ra1 Bf6 49.Bh5 Kg7 50.Rd1 Ne7
51.Bf3 Nf5 52.Rb3 Re7 53.Kf1 Nh4 54.Bg4 Kg6 55.Bb4 Rh7 56.Ke2 Nf5 57.Rbd3 Nh6
58.Bf3 Re8 59.Rh1 g4 60.Rg1 Kh5 61.Bg2 Rd7 62.d5 cxd5 63.Rxd5+ Rxd5 64.Bxd5 Re5
65.Bc4 Nf5 66.Bf7+ Kh6 67.Rxg4 Bg7 68.Bc4 Kh5 69.Rg1 Bf6 70.Bf7+ Kh6 71.Bc3 Re7
72.Rg6+ Kh7 73.Rxf6  1-0

[Event "FSGM August"]
[Site "Budapest HUN"]
[Date "2004.08.09"]
[Round "3"]
[White "Berczes,D"]
[Black "Seres,L"]
[Result "0-1"]
[WhiteElo "2351"]
[BlackElo "2448"]

1.d4 d5 2.c4 c6 3.Nf3 Nf6 4.Nc3 dxc4 5.a4 Bf5 6.e3 e6 7.Bxc4 Bb4 8.O-O Nbd7
9.Qe2 Bg6 10.Ne5 Nxe5 11.dxe5 Nd7 12.f4 Nc5 13.Na2 a5 14.Rd1 Qb6 15.Nxb4 axb4
16.b3 Ne4 17.Bb2 Nc3 18.Bxc3 bxc3 19.Rac1 c2 20.Re1 Rd8 21.Qf3 O-O 22.g4 Bd3
23.Qf2 Be4 24.f5 Qb4 25.f6 Rd2 26.Qf4 Rg2+ 27.Kf1 Qd2  0-1

[Event "Knjaz Milos Jezero Open"]
[Site "Belgrade SCG"]
[Date "2004.08.21"]
[Round "5"]
[White "Jovanovic,Dras"]
[Black "Klasan,V"]
[Result "1-0"]
[WhiteElo "2240"]
[BlackElo "2166"]

1.d4 d5 2.c4 c6 3.Nc3 Nf6 4.Nf3 dxc4 5.a4 Bf5 6.Ne5 Nbd7 7.Nxc4 Qc7 8.g3 e5
9.dxe5 Nxe5 10.Bf4 Nfd7 11.Qc1 Be6 12.Nxe5 Nxe5 13.Qe3 f6 14.Bg2 g5 15.Bxe5 Qxe5
16.Qxe5 fxe5 17.h4 gxh4 18.Rxh4 O-O-O 19.Rd1 Rxd1+ 20.Kxd1 Bb3+ 21.Ke1 a5
22.Be4 h6 23.Kd2 Be7 24.Rh2 Kc7 25.e3 Bb4 26.Bc2 Bc4 27.Kc1 b5 28.Ne4 Bd5
29.Nf6 Bf3 30.axb5 cxb5 31.Be4 Bxe4 32.Nxe4 Bf8 33.Ng5 Rg8 34.Ne6+ Kd7 35.Nxf8+ Rxf8
36.f4 Rg8 37.Rh5 Rxg3 38.Rxe5 h5 39.Kd2 Rg2+ 40.Kc3 Rg3 41.Kd4 Kc6 42.Rxh5 Rg2
43.Rh6+ Kd7 44.b3 Rb2 45.Ra6 Ra2 46.e4 a4 47.bxa4 bxa4 48.f5 a3 49.Ke5 Ra1
50.Ra7+ Kc6 51.Ke6 Kb6 52.Ra8 a2 53.e5 Re1 54.Rxa2  1-0

[Event "ch-ESP Abierto"]
[Site "Seville ESP"]
[Date "2004.08.21"]
[Round "9"]
[White "Ortega Hermida,D"]
[Black "Martin Vazquez,J"]
[Result "1-0"]
[WhiteElo "2399"]
[BlackElo "2191"]

1.d4 Nf6 2.Nf3 d5 3.c4 c6 4.Nc3 dxc4 5.a4 Bf5 6.e3 e6 7.Bxc4 Bb4 8.O-O Nbd7
9.Qe2 Bg6 10.e4 Bxc3 11.bxc3 Nxe4 12.Ba3 Qc7 13.Rfc1 O-O-O 14.a5 Kb8 15.a6 b6
16.Bb3 Ka8 17.Ba4 Kb8 18.c4 Rhe8 19.Bb2 Nef6 20.h3 Ne4 21.Ra3 Nef6 22.Re3 Qc8
23.d5 exd5 24.Nd4 Rxe3 25.Qxe3 Re8 26.Qf4+ Qc7 27.Nxc6+ Kc8 28.Qxc7+ Kxc7
29.cxd5 Nc5 30.Nxa7 Ra8 31.Be5+ Kd8 32.Nc6+ Kc8 33.Nb4 Ra7 34.Bc6 Nxa6 35.Nxa6 Rxa6
36.Bb5+  1-0

[Event "8th WUCC"]
[Site "Instanbul TUR"]
[Date "2004.09.07"]
[Round "4"]
[White "Jobava,Ba"]
[Black "Kulaots,K"]
[Result "1-0"]
[WhiteElo "2615"]
[BlackElo "2593"]

1.d4 Nf6 2.c4 c6 3.Nc3 d5 4.Nf3 dxc4 5.a4 Bf5 6.Ne5 Nbd7 7.Nxc4 Qc7 8.g3 e5
9.dxe5 Nxe5 10.Bf4 Nfd7 11.Bg2 g5 12.Bxe5 Nxe5 13.Qd4 f6 14.O-O-O Nxc4 15.Qxc4 Bd6
16.Be4 Bh3 17.Qd3 Be5 18.Bf5 Bxf5 19.Qxf5 Qc8 20.Qe4 O-O 21.h4 g4 22.Rd2 Qe6
23.Rhd1 Rf7 24.Rd6 Qxd6 25.Rxd6 Bxd6 26.Qxg4+ Kf8 27.Qf5 Be5 28.Ne4 Rd8 29.e3 Rd5
30.Qc8+ Kg7 31.g4 c5 32.f4 Bc7 33.g5 Bd8 34.gxf6+ Bxf6 35.Qe6 Rd3 36.Nd6  1-0

[Event "TCh-CRO"]
[Site "Rabac CRO"]
[Date "2004.09.10"]
[Round "6"]
[White "Stohl,I"]
[Black "Lalic,B"]
[Result "1/2-1/2"]
[WhiteElo "2561"]
[BlackElo "2527"]

1.Nf3 d5 2.d4 Nf6 3.c4 c6 4.Nc3 dxc4 5.a4 Bf5 6.e3 e6 7.Bxc4 Bb4 8.O-O Nbd7
9.Qe2 Bg6 10.Rd1 Qa5 11.Bd2 Ne4 12.Nxe4 Bxe4 13.Bxb4 Qxb4 14.Bd3 Bxf3 15.Qxf3  1/2-1/2

[Event "3rd Autumn"]
[Site "Alushta UKR"]
[Date "2004.09.11"]
[Round "2"]
[White "Nikitin,An"]
[Black "Vokarev,S"]
[Result "1/2-1/2"]
[WhiteElo "2452"]
[BlackElo "2529"]

1.d4 d5 2.c4 c6 3.Nf3 Nf6 4.Nc3 dxc4 5.a4 Bf5 6.e3 e6 7.Bxc4 Bb4 8.O-O O-O
9.Qe2 Bg4 10.Rd1 Nbd7 11.h3 Bh5  1/2-1/2

[Event "3rd Autumn"]
[Site "Alushta UKR"]
[Date "2004.09.15"]
[Round "8"]
[White "Annageldyev,O"]
[Black "Neelotpal,D"]
[Result "0-1"]
[WhiteElo "2458"]
[BlackElo "2448"]

1.Nf3 d5 2.d4 c6 3.c4 Nf6 4.Nc3 dxc4 5.a4 Bf5 6.e3 e6 7.Bxc4 Bb4 8.O-O O-O
9.Nh4 Nbd7 10.Nxf5 exf5 11.Bd2 Rc8 12.Qb3 a5 13.Rad1 Qc7 14.Rfe1 Rce8 15.Qc2 g6
16.Bf1 Re7 17.Rc1 Rfe8 18.g3 h5 19.Bg2 Nb6 20.Qb3 Ng4 21.Red1 h4 22.Nb1 hxg3
23.hxg3 Qd6 24.Re1 Nd7 25.Bxb4 axb4 26.Nd2 Nb6 27.Nc4 Nxc4 28.Rxc4 Nxe3 29.Rxb4 Ng4
30.Rf1 Re3 31.fxe3 Rxe3 32.Rf3 Rxb3 33.Rfxb3 c5 34.Rc4 Qe6 35.Bf1 cxd4 36.Ra3 Kg7
37.Rxd4 Qb6 38.Rd3 Ne5 39.Kh1 Nxd3 40.Rxd3 Qxb2  0-1

[Event "Georgiev-Kesarovski Mem"]
[Site "Sunny Beach BUL"]
[Date "2004.09.18"]
[Round "1"]
[White "Nikolov,Sas"]
[Black "Hristova,H"]
[Result "1-0"]
[WhiteElo "2419"]
[BlackElo "1982"]

1.d4 d5 2.c4 c6 3.Nf3 Nf6 4.Nc3 dxc4 5.a4 Bf5 6.Ne5 Nbd7 7.Nxc4 Qc7 8.g3 e5
9.dxe5 Nxe5 10.Bf4 Nfd7 11.Bg2 Be7 12.O-O O-O 13.Rc1 Rad8 14.Qd4 f6 15.Nd5 cxd5
16.Nxe5  1-0

[Event "GM Classic"]
[Site "Gausdal NOR"]
[Date "2004.09.23"]
[Round "1"]
[White "Palo,D"]
[Black "Bromberger,S"]
[Result "1/2-1/2"]
[WhiteElo "2513"]
[BlackElo "2440"]

1.d4 d5 2.c4 c6 3.Nf3 Nf6 4.Nc3 dxc4 5.a4 Bf5 6.Ne5 Nbd7 7.Nxc4 Qc7 8.g3 e5
9.dxe5 Nxe5 10.Bf4 Nfd7 11.Bg2 g5 12.Ne3 gxf4 13.Nxf5 O-O-O 14.O-O Nc5 15.Qc2 Ne6
16.Qe4 fxg3 17.hxg3 a5 18.Rfc1 Nc5 19.Qh4 Nb3 20.Nd5 Rxd5 21.Bxd5 Nxc1 22.Rxc1 Qd8
23.Qd4 f6 24.Be6+ Kc7 25.Qxd8+ Kxd8 26.f4 Ng4 27.Rd1+ Kc7 28.Rd7+ Kb6 29.Nd4 Ne3
30.Kh2 Bc5 31.Nb3 Bb4 32.Kh3 Re8 33.f5 Re7 34.Rd3 Nd5 35.Bxd5 cxd5 36.e3  1/2-1/2

[Event "IMA Classic"]
[Site "Gausdal NOR"]
[Date "2004.09.24"]
[Round "2"]
[White "Hole,O"]
[Black "Moskow,E"]
[Result "1-0"]
[WhiteElo "2332"]
[BlackElo "2200"]

1.Nf3 d5 2.d4 c6 3.c4 Nf6 4.Nc3 dxc4 5.a4 Bf5 6.e3 e6 7.Bxc4 Bb4 8.O-O O-O
9.Nh4 Nbd7 10.Nxf5 exf5 11.Qc2 g6 12.f3 Nb6 13.Bb3 a5 14.Kh1 Nh5 15.Bd2 f4
16.exf4 Qxd4 17.f5 Kg7 18.Rad1 Qc5 19.Qc1 Rfe8 20.g4 Nf6 21.Bh6+ Kh8 22.Bxf7 Bxc3
23.bxc3 Re2 24.Rd2 Qe7 25.Be6 Rxe6 26.fxe6 Qxe6 27.Qd1 Nfd5 28.Qb3 Re8 29.c4  1-0

[Event "79th ch-ARG"]
[Site "Buenos Aires ARG"]
[Date "2004.09.25"]
[Round "2"]
[White "Albarran,G"]
[Black "Gomez Baillo,J"]
[Result "0-1"]
[WhiteElo "2237"]
[BlackElo "2417"]

1.d4 Nf6 2.c4 c6 3.Nc3 d5 4.Nf3 dxc4 5.a4 Bf5 6.Nh4 Bg6 7.Nxg6 hxg6 8.e4 e6
9.Bxc4 Bb4 10.Qd3 Nbd7 11.O-O a5 12.Bg5 e5 13.Rad1 Qb6 14.d5 O-O 15.dxc6 bxc6
16.Bxf6 Nxf6 17.Qg3 Qc5 18.Ba2 Bxc3 19.bxc3 Nxe4 20.Qxg6 Nxc3 21.Qc2 Qb4
22.Rd3 Nxa2 23.Qxa2 Rad8 24.Re3 Rd2 25.Qa1 f6 26.g3 Rfd8 27.Rb1 Qc4 28.Qa3 Rd1+
29.Re1 Rxb1 30.Rxb1 Qc2 31.Rb7 c5 32.Rc7 Rd1+ 33.Kg2 Qe4+ 34.Kh3 Rg1 35.Qb3+ Kh7
36.Qf7 Qf5+ 37.Kh4 Qg5+ 38.Kh3 f5 39.Qc4 e4  0-1

[Event "TCh-BEL 2004-5"]
[Site "Belgium BEL"]
[Date "2004.09.26"]
[Round "2"]
[White "Gillain,N"]
[Black "Hautot,S"]
[Result "0-1"]
[WhiteElo "2177"]
[BlackElo "2328"]

1.d4 d5 2.c4 c6 3.Nf3 Nf6 4.Nc3 dxc4 5.a4 Bf5 6.e3 e6 7.Bxc4 Bb4 8.O-O Nbd7
9.Qb3 Qb6 10.Rd1 O-O 11.Bd2 a5 12.h3 h6 13.Be1 Rad8 14.Rac1 Qc7 15.Nb1 Bxe1
16.Rxe1 e5 17.dxe5 Nxe5 18.Nxe5 Qxe5 19.Nc3 Rb8 20.Red1 b5 21.axb5 cxb5 22.Nxb5 Bd7
23.Qc3 Rxb5 24.Bxb5 Qxb5 25.Rd4 Rb8 26.Rcd1 a4 27.R1d2 Rc8 28.Qa3 Rc1+ 29.Rd1 Rxd1+
30.Rxd1 Bc6 31.Qc3 Be4 32.Rd4 Qg5 33.g3 Qf5 34.Kf1 Qxh3+ 35.Ke2 Qh5+ 36.Ke1 Qh1+
37.Ke2 Bf3+ 38.Kd3 Qf1+ 39.Kc2 Qxf2+ 40.Kc1 Qf1+ 41.Kc2 Be4+  0-1

[Event "1st Central League"]
[Site "Vrnjacka Banja SCG"]
[Date "2004.09.26"]
[Round "2"]
[White "Rajkovic,Du"]
[Black "Djakovac,E"]
[Result "0-1"]
[WhiteElo "2430"]
[BlackElo "2171"]

1.d4 d5 2.c4 c6 3.Nf3 Nf6 4.Nc3 dxc4 5.a4 Bf5 6.Nh4 Bg4 7.f3 Bc8 8.e4 e6
9.g3 Bb4 10.Bxc4 Qa5 11.Qb3 O-O 12.O-O c5 13.d5 exd5 14.exd5 Nbd7 15.Bf4 Ne8
16.Na2 Bd2 17.Bxd2 Qxd2 18.Rad1 Qh6 19.Rfe1 Nd6 20.Bf1 Nf6 21.Qc3 b6 22.b4 Nd7
23.Bb5 Nxb5 24.axb5 a5 25.Nf5 Qg5 26.Ne7+ Kh8 27.bxc5 Nxc5 28.Re5 Qf6 29.Qe3 Bd7
30.Nc3 a4 31.d6 a3 32.g4 g6 33.Na2 Be6 34.Nd5 Qd8 35.Qh6 f6 36.Rxe6 Nxe6
37.Ne7 Qe8 38.Qe3 Nc5 39.Rd2 Qf7 40.Nd5 Nd7 41.Nc7 Ra4 42.Kg2 Ne5 43.Re2 g5
44.Qxb6 Rf4 45.Qc5 Nxf3 46.d7 Nh4+ 47.Kg1 Rxg4+ 48.Kf1 Rf4+ 49.Kg1 Nf3+ 50.Kh1 Rg4
51.Re8 Kg7 52.Ne6+ Kh6 53.d8=Q  0-1

[Event "1st Central League"]
[Site "Vrnjacka Banja SCG"]
[Date "2004.09.27"]
[Round "4"]
[White "Tojagic,D"]
[Black "Djakovac,E"]
[Result "1/2-1/2"]
[WhiteElo "2308"]
[BlackElo "2171"]

1.d4 d5 2.c4 c6 3.Nf3 Nf6 4.Nc3 dxc4 5.a4 Bf5 6.Ne5 c5 7.e3 Nbd7 8.Qf3 g6
9.Bxc4 Nxe5 10.dxe5 Nd7 11.e6 Bxe6 12.Bxe6 fxe6 13.Qxb7 Qc8 14.Qe4 Nf6 15.Qc4 Bg7
16.O-O O-O 17.a5 Qc6 18.a6 Rab8 19.Ra5 Rfc8 20.h3  1/2-1/2

[Event "79th ch-ARG"]
[Site "Buenos Aires ARG"]
[Date "2004.09.28"]
[Round "6"]
[White "Albarran,G"]
[Black "Alonso,S"]
[Result "0-1"]
[WhiteElo "2237"]
[BlackElo "2444"]

1.d4 d5 2.c4 c6 3.Nf3 Nf6 4.Nc3 dxc4 5.a4 Bf5 6.Nh4 e6 7.Nxf5 exf5 8.e3 Bb4
9.Bxc4 O-O 10.O-O Nbd7 11.Qc2 g6 12.f3 Rc8 13.Qf2 c5 14.dxc5 Bxc5 15.Qh4 Re8
16.Kh1 Bxe3 17.Bxe3 Rxe3 18.Rad1 Qe7 19.Nb5 Nb6 20.Nd6 Rc6 21.Qg5 Nxc4 22.Nxf5 Qe8
23.Nh6+ Kg7 24.Nf5+ Kh8 25.Nxe3 Qxe3 26.Qb5 Nd6 27.Qa5 Qb6 28.Qe5 Kg7 29.b3 h6
30.Rc1 Ne8 31.Rxc6 Qxc6 32.Qb2 h5 33.Rc1 Qe6 34.Qc3 Nd6 35.Re1 Qd7 36.Rd1 Qe6
37.Qe1 Qxe1+ 38.Rxe1 Kf8 39.b4 Nfe8 40.g4 hxg4 41.fxg4 g5 42.Kg2 Nc7 43.h4 gxh4
44.Kh3 Ne6 45.Kxh4 Nc4 46.a5 Nd6 47.Rb1 a6 48.Rf1 Ke7 49.Re1 Nb5 50.Rc1 Nd8
51.Kg5 Nc6 52.Re1+ Kf8 53.Kf6 Nxb4 54.Rh1 Nd5+ 55.Ke5 Ne7 56.Rd1 Kg7 57.Rd7 Nc6+
58.Kf5 Nbd4+ 59.Ke4 Nb3 60.Kf5 Nbxa5 61.g5 Nb3 62.Rxb7 Nbd4+ 63.Ke4 a5 64.Rd7 a4
65.Rxd4 Nxd4 66.Kxd4 Kg6  0-1

[Event "IMB Classic"]
[Site "Gausdal NOR"]
[Date "2004.09.28"]
[Round "8"]
[White "Glenne,BE"]
[Black "Pedersen,Stef"]
[Result "1/2-1/2"]
[WhiteElo "2213"]
[BlackElo "2441"]

1.d4 d5 2.c4 c6 3.Nc3 Nf6 4.Nf3 dxc4 5.a4 Bf5 6.e3 e6 7.Bxc4 Bb4 8.O-O Nbd7
9.Qe2 Bg4 10.h3 Bh5 11.Rd1 Qc7 12.e4 O-O 13.Bg5 Qa5 14.e5 Nd5 15.Ne4 h6 16.Bd2 N7b6
17.Bb3 Bxd2 18.Qxd2 Qxd2 19.Rxd2 Bxf3 20.gxf3 a5 21.Rc1 Ne7 22.Nd6 Ra7 23.Bc2 Nbc8
24.Nc4 Rd8 25.Be4 f5 26.Bb1 Nd5 27.Ne3 Nf4 28.Kh2 Nb6 29.Ba2 g6 30.Nc4 Nxc4
31.Rxc4 Nd5 32.Rc5 Nc7 33.Bc4 Kf7 34.h4 Raa8 35.Kg3 g5 36.hxg5 hxg5 37.f4 gxf4+
38.Kxf4 Rh8 39.f3 Ke7 40.Rg2 Rag8 41.Rxg8 Rxg8 42.Rxa5 Rg2 43.b4 Rb2 44.b5 Rb4
45.Be2 cxb5 46.Bxb5 Rxd4+ 47.Ke3 Rd5 48.Ra7 Rxe5+ 49.Kf4 Kf6  1/2-1/2

[Event "Monarch Assurance"]
[Site "Port Erin IOM"]
[Date "2004.09.29"]
[Round "5"]
[White "Williams,Si"]
[Black "Kulaots,K"]
[Result "1/2-1/2"]
[WhiteElo "2427"]
[BlackElo "2593"]

1.d4 Nf6 2.c4 c6 3.Nc3 d5 4.Nf3 dxc4 5.a4 Bf5 6.Ne5 Nbd7 7.Nxc4 Nb6 8.Ne5 a5
9.f3 Nfd7 10.Nxd7 Nxd7 11.e4 Bg6 12.f4 e6 13.Qf3 Bb4 14.f5 exf5 15.exf5 Qh4+
16.g3 Bh5 17.Qe3+ Qe7 18.Qxe7+ Bxe7 19.Bg2 Nb6 20.Bf4 O-O-O 21.f6 Bxf6 22.Bh3+ Nd7
23.Nb5 Rde8+ 24.Kd2 Be7 25.Rac1 Bb4+ 26.Kc2 cxb5 27.Kb1+ Kd8 28.Rc7 Nb6 29.Rhc1 Bg6+
30.Ka2 f5 31.Rxb7 Nd5 32.Be5 Rhf8 33.Rb8+ Kd7 34.Rb7+ Kd8 35.Bg2 Bf7 36.Rxf7 Rxf7
37.Bxd5 Rxe5 38.dxe5 Re7 39.axb5  1/2-1/2